| 000 | 00513pab a2200169 454500 | ||
|---|---|---|---|
| 008 | 180718b2002 xxu||||| |||| 00| 0 eng d | ||
| 100 | _aHeppell, Timothy | ||
| 245 | _aThe ideological composition of the Parliamentary Conservative Party 1992-97 | ||
| 260 | _c2002 | ||
| 300 | _ap.299-324. | ||
| 362 | _aJun | ||
| 650 | _aConservative party | ||
| 650 | _aPolitical parties - Great Britain | ||
| 650 | _aPolitical parties | ||
| 773 | _aBritish Journal of Politics and International Relations | ||
| 909 | _a53577 | ||
| 999 |
_c53577 _d53577 |
||